Normal view
MARC view
Entry Topical Term
001 - CONTROL NUMBER
- control field: 12528
003 - CONTROL NUMBER IDENTIFIER
- control field: ARRUPE
005 - DATE AND TIME OF LATEST TRANSACTION
- control field: 20141107173314.0
008 - FIXED-LENGTH DATA ELEMENTS
- fixed length control field: 141107|| aca||aabn | a|a d
040 ## - CATALOGING SOURCE
- Original cataloging agency: ARRUPE
- Transcribing agency: ARRUPE
150 ## - HEADING--TOPICAL TERM
- Topical term or geographic name as entry element: Edwards
- General subdivision: Jonathan
670 ## - SOURCE DATA FOUND
- Source citation: Work cat.: (ARRUPE): Levin David ed. 12527, Jonathan Edwards, 1969